000 01094nam a22002417a 4500
005 20240305165433.0
007 cr|||| ||u|
008 151022s2015 cu ||||| |||| 00||0 spa |
020 _a978-959-7219-28-6
035 _a12912
040 _avLex
090 _c5619
_d5619
100 1 _aPérez Duharte, Arlín
245 1 4 _aLas Ciencias Penales y Criminológicas frente al espejo del tiempo
_h[Recurso electrónico] /
_cArlín Pérez Duharte
256 _aServicio en línea
260 _aCuba
_bUnión Nacional de Juristas de Cuba
_c2015
300 _a1 recurso electrónico
506 1 _aContenido solo disponible en los productos indicados
_dvLex Global
_dvLex Global (Academic Edition, excluding Law Schools)
_dvLex Global (U.S. Academic Edition, Law Schools)
_dvLex Global (U.S. Academic Edition, excluding Law Schools)
_dvLex Global (Academic Edition, Law Schools)
650 0 4 _aDerecho penal
_zCuba
740 0 _avLex libros (servicio en línea)
856 4 0 _uhttps://app.vlex.com/#/sources/ciencias-penales-y-criminologicas-frente-al-espejo-del-tiempo-12912
942 _cRAA
999 _c163954
_d163954